Labor flow in the ecwa region

Guardat en:
Dades bibliogràfiques
Autor corporatiu: Naciones Unidas
Format: Text
Publicat: Beirut: Naciones Unidas
Etiquetes: Afegir etiqueta
Sense etiquetes, Sigues el primer a etiquetar aquest registre!

MARC

LEADER 00000 a a2200000 04500
001 24599
003
040
090 |a 177000  
110 |a Naciones Unidas  
245 |a Labor flow in the ecwa region  
260 |a Beirut:   |b Naciones Unidas  
300 |a 31 p.  
999 |c 10579  |d 10579